| 000 | 00550nam a2200193Ia 4500 | ||
|---|---|---|---|
| 005 | 20250508162608.0 | ||
| 008 | 008 250505s9999 xx 000 0 eng d | ||
| 020 | _a0-393-01927-6 | ||
| 037 | _aTextual | ||
| 040 |
_aFEDL _beng _cFEDL |
||
| 041 |
_aeng _2eng |
||
| 084 |
_a304.66, GUP _qFEDL |
||
| 100 | _aGupte Pranay | ||
| 245 | 0 | _aCrowded earth : People and the politics of population | |
| 260 |
_aNew York, USA _bW.W. Norton and Company _c1984 |
||
| 300 | _a349p. | ||
| 942 |
_cTEXL _h304.66, GUP |
||
| 999 |
_c1377544 _d1377544 |
||